Python Business Intelligence Cookbook : Leverage the Computational Power of Python with More than 60 Recipes that Arm You with the Required Skills to Make Informed Business Decisions /

Gorde:
Xehetasun bibliografikoak
Egile nagusia: Dempsey, Robert (autor)
Formatua: Liburua
Hizkuntza:ingelesa
Argitaratua: Birmingham, Inglaterra : Packt, 2015, c2015
Saila:(Quick Answers to Common Problems)
Gaiak:
Sarrera elektronikoa:Ver documento en línea
Etiketak: Etiketa erantsi
Etiketarik gabe, Izan zaitez lehena erregistro honi etiketa jartzen!

MARC

LEADER 00000nam^a2200000^a^4500
001 000381953
005 20251023000000.0
009 20260310120719.221
020 |a 978-1-78528-966-8 
037 |a Acervo ITESO - Biblioteca 
041 |a ING 
082 |a 005. 133  |b DEM 
100 |a Dempsey, Robert  |e (autor) 
245 1 0 |a Python Business Intelligence Cookbook :  |b Leverage the Computational Power of Python with More than 60 Recipes that Arm You with the Required Skills to Make Informed Business Decisions /  |c R. Dempsey. 
264 4 |a Birmingham, Inglaterra :  |b Packt,  |c 2015, c2015 
264 2 |a Birmingham, EUA :  |b EBSCOhost [distribución],  |c 2015 
300 |a 1 libro electrónico en línea (IX, 182 p.) 
336 |a datos para computadora  |b cod  |2 rdacontenido 
337 |a computadora  |b c  |2 rdamedio 
338 |a recurso en línea  |b cr  |2 rdasoporte 
440 1 |a (Quick Answers to Common Problems) 
506 1 |a 1 licencia 
521 |a Peticiones 2016 Juan Diego Sánchez Torres 
649 |a XX 
650 |a Inteligencia de Negocios -  |x Tema Principal 
650 |a Toma de Decisiones -  |x Análisis de Información 
650 |a Lenguajes de Programación -  |x Tema Principal 
650 |a Programación Orientada a Objetos 
650 |a Programación (Software) 
650 |a Desarrollo de Sistemas 
650 |a Sistemas Computacionales 
650 |a Ingeniería Computacional 
856 4 0 |u https://ezproxy.iteso.mx/login?url=https://search.ebscohost.com/login.aspx?direct=true&scope=site&db=nlebk&db=nlabk&AN=1131993  |y Ver documento en línea 
910 |a Fondo General 
920 |a Electrónicos - Libros en Línea 
930 |a Plataforma Digital 
905 |a 205 
901 |a 381953  |b IT2  |c EBO  |i C1087  |u 20250521 
902 |a https://opac.biblio.iteso.mx/vufind/Record/000381953